000 00996nam a2200289Ia 4500
001 Para_595
003 CHAP
008 220125s1993 xx 000 0 und d
010 _a199355
040 _cCHAP
090 _aPA TESIS 669
100 _aAguiler Ceballos, Luis
_9164626
245 _aIdentificación de insectos plaga en el cultivo de tomate de cáscara en los municipios de Villa de Arista y Venado S.L.P. /
_c por Luis Aguilar Ceballos
260 _aChapingo, Méx. :
_b el autor
300 _a32 h.
502 _aTesis (Ing. Agr. Esp. en Parasitología Agrícola) -- UACh. Departamento Parasitología Agrícola
650 _aTomate verde
_x plagas
_9113827
650 _aTomate verde
_x San Luis Potosí
_9113835
710 _aUACh. Departamento Parasitología Agrícola
_9164025
901 _aPA TESIS 669
902 _aA
905 _a0000001993 0000000000 00
910 _a1993
942 _cPARA
942 _cPARA
_d1
999 _c199355
_d199355